00438 2200181 4500001002100000005001500021035002000036245003300056100001500089250001700104300003100121260003300152082000800185084001400193020002200207650001100229990001600240INLIS00000000000025620240530091713 a0010-05240001781 aSeribu Merpati /cSeno Subro0 aSeno Subro acetakan ke-1 av, 42 hlm :bilus ;c20 cm aJakarta :bCV. Deriko,c2007 a813 a813 SEN s a978-979-142-304-5 4aCerpen a00000000689